ბათუმის შოთა რუსთაველის სახელმწიფო უნივერსიტეტის ბიბლიოთეკა

ჩანაწერი Personal Name

ჩანაწერთა რაოდენობა, რომელიც გამოყენებულია: 3

001 - CONTROL NUMBER

  • control field: 2200

003 - CONTROL NUMBER IDENTIFIER

  • control field: GE_BSU

005 - DATE AND TIME OF LATEST TRANSACTION

  • control field: 20190605203439.0

008 - FIXED-LENGTH DATA ELEMENTS

  • fixed length control field: 190605|| aca||aabn | a|a d

040 ## - CATALOGING SOURCE

  • Original cataloging agency: GE_BSU
  • Transcribing agency: GE_BSU

100 ## - HEADING--PERSONAL NAME

  • Personal name: გიგოლაშვილი, ვასილ
  • Relator term: რედაქტორი

670 ## - SOURCE DATA FOUND

  • Source citation: Work cat.: (GE_BSU)36790: გრიგალაშვილი, ლევან 870, საბიუჯეტო ორგანიზაციების ბუღალტრული აღრიცხვა : საბიუჯეტო ორგანიზაციების აღრიცხვა. საჯარო სამართლის იურიდიული პირების აღრიცხვა. არასამრეწველო იურიდიული პირების აღრიცხვა. საგადასახადო დეკლარაციები. ბუღალტრული გატარებები :